Pays en ordre de population par lettre - Statistiques

Statistiques générales
  • Ce quiz a été pris 210 fois
  • Le résultat moyen est 101 sur 196
Statistiques - réponses
Population (hab.) Réponse % Correct
83 149 300 Allemagne
93%
1 439 085 892 Chine
82%
67 848 156 France
82%
5 822 763 Danemark
80%
328 239 523 États-Unis
79%
5 522 015 Finlande
79%
1 326 093 247 Inde
79%
211 715 973 Brésil
78%
125 507 472 Japon
78%
77 000 Andorre
77%
267 026 366 Indonésie
77%
162 650 853 Bangladesh
76%
46 934 632 Espagne
75%
9 182 766 Honduras
75%
42 972 878 Algérie
74%
9 771 827 Hongrie
74%
19 091 949 Kazakhstan
74%
2 444 174 Qatar
74%
10 820 644 Jordanie
73%
58 775 022 Afrique du Sud
71%
32 522 339 Angola
71%
935 974 Fidji
71%
15 066 266 Zambie
71%
45 479 118 Argentine
70%
108 386 391 Éthiopie
70%
60 359 546 Italie
70%
28 036 829 Yémen
70%
14 546 314 Zimbabwe
70%
41 487 965 Ouganda
69%
17 153 288 Guatemala
68%
47 564 296 Kenya
68%
146 780 700 Russie
68%
3 387 605 Uruguay
68%
799 Vatican
68%
1 228 624 Estonie
67%
110 110 Kiribati
67%
128 649 565 Mexique
67%
98 179 Antigua-et-Barbuda
66%
25 464 116 Australie
66%
84 923 314 Iran
66%
4 664 844 Oman
66%
98 721 275 Viêt Nam
66%
3 021 324 Arménie
65%
11 476 279 Belgique
65%
104 124 440 Égypte
65%
36 643 815 Afghanistan
64%
38 872 655 Irak
64%
5 176 569 Irlande
64%
2 993 706 Koweït
64%
8 859 449 Autriche
63%
37 589 262 Canada
63%
51 709 098 Corée du Sud
63%
921 804 Djibouti
63%
44 983 019 Ukraine
63%
3 074 579 Albanie
62%
56 590 071 Birmanie
62%
12 527 440 Guinée
62%
11 067 777 Haïti
62%
30 565 411 Ouzbékistan
62%
298 333 Vanuatu
62%
34 173 498 Arabie saoudite
60%
10 205 810 Azerbaïdjan
60%
5 869 970 Érythrée
60%
1 920 079 Kosovo
60%
214 028 302 Nigeria
60%
1 928 600 Lettonie
59%
36 471 769 Maroc
59%
233 500 636 Pakistan
59%
28 436 066 Venezuela
59%
362 860 Islande
58%
5 964 897 Kirghizistan
58%
2 731 464 Lituanie
58%
29 340 248 Ghana
57%
37 810 Liechtenstein
57%
22 772 361 Niger
57%
9 477 918 Biélorussie
56%
11 639 909 Bolivie
56%
2 230 908 Gabon
56%
2 808 570 Jamaïque
56%
13 649 Nauru
56%
32 793 Saint-Marin
56%
83 154 997 Turquie
55%
294 560 Barbade
54%
10 607 051 Grèce
54%
1 833 247 Guinée-Bissau
54%
65 761 117 Royaume-Uni
54%
782 318 Bhoutan
53%
3 997 000 Géorgie
53%
1 403 000 Guinée équatoriale
53%
7 447 396 Laos
53%
2 630 073 Namibie
53%
10 390 780 Portugal
53%
21 302 893 Roumanie
53%
68 977 400 Thaïlande
53%
49 084 841 Colombie
52%
25 381 085 Corée du Nord
52%
2 173 999 Gambie
52%
6 966 899 Bulgarie
51%
18 186 770 Chili
51%
74 243 Dominique
51%
9 152 000 Israël
51%
626 108 Luxembourg
51%
2 317 233 Botswana
49%
6 890 535 Libye
49%
38 100 Monaco
49%
21 291 Palaos
49%
9 992 083 Émirats arabes unis
48%
16 904 867 Équateur
48%
1 104 479 Eswatini
48%
109 180 815 Philippines
48%
38 282 325 Pologne
48%
31 914 989 Pérou
47%
101 780 263 République démocratique du Congo
47%
12 712 431 Rwanda
47%
450 565 Brunei
46%
113 094 Grenade
46%
5 469 612 Liban
46%
5 367 580 Norvège
46%
20 835 401 Burkina Faso
45%
4 076 246 Croatie
45%
4 926 551 Nouvelle-Zélande
45%
3 835 586 Bosnie-herzégovine
44%
11 865 821 Burundi
44%
30 327 877 Népal
44%
43 120 843 Soudan
44%
11 192 Tuvalu
44%
385 854 Belize
43%
16 926 984 Cambodge
43%
750 204 Guyana
43%
19 553 397 Mali
43%
17 282 163 Pays-Bas
43%
1 442 659 Bahreïn
42%
5 073 296 Liberia
42%
32 652 083 Malaisie
42%
53 821 Saint-Christophe-et-Niévès
42%
8 603 900 Suisse
42%
58 552 845 Tanzanie
42%
11 722 038 Tunisie
42%
12 864 634 Bénin
41%
27 744 989 Cameroun
41%
1 924 381 Lesotho
41%
4 005 475 Mauritanie
41%
10 649 800 République tchèque
41%
10 313 447 Suède
41%
1 266 676 Chypre
40%
846 281 Comores
40%
457 267 Malte
40%
7 191 685 Paraguay
40%
101 390 Saint-Vincent-et-les-Grenadines
40%
337 721 Bahamas
38%
4 285 850 Panama
38%
2 070 050 Slovénie
38%
583 255 Cap-Vert
37%
11 116 396 Cuba
37%
27 233 789 Mozambique
37%
6 203 441 Nicaragua
37%
166 487 Sainte-Lucie
37%
7 078 110 Serbie
37%
5 457 926 Slovaquie
37%
100 651 Tonga
37%
5 411 012 Turkménistan
37%
26 378 274 Côte d'Ivoire
36%
2 125 971 Macédoine
36%
16 877 357 Tchad
36%
5 111 238 Costa Rica
35%
26 955 737 Madagascar
35%
8 947 000 Papouasie-Nouvelle-Guinée
35%
193 483 Samoa
35%
21 196 629 Malawi
34%
8 873 669 Tadjikistan
34%
8 608 444 Togo
34%
2 681 735 Moldavie
33%
609 859 Monténégro
33%
10 499 707 République dominicaine
33%
647 581 Salomon
33%
12 530 717 Soudan du Sud
33%
5 293 070 Congo
32%
59 000 Marshall
32%
392 709 Maldives
31%
11 259 029 Somalie
31%
19 454 263 Syrie
31%
23 603 049 Taïwan
30%
95 981 Seychelles
29%
1 321 929 Timor oriental
29%
102 624 Micronésie
27%
3 168 026 Mongolie
27%
211 122 Sao Tomé-et-Principe
26%
1 208 789 Trinité-et-Tobago
26%
1 265 475 Maurice
25%
5 990 855 République centrafricaine
25%
6 209 660 Singapour
25%
597 927 Suriname
25%
6 481 102 Salvador
24%
6 624 933 Sierra Leone
24%
22 889 201 Sri Lanka
24%
16 209 125 Sénégal
23%
Aucun quiz correspondant
Distribution des résultats
% des personnes avec chaque résultat
Percentile par nombre de réponses
Votre historique - résultats
Vous n’avez pas pris ce quiz